Handbook of solid waste management
Salvato in:
| Autori principali: | , |
|---|---|
| Natura: | Libro |
| Lingua: | inglese |
| Pubblicazione: |
Nueva York
McGraw-Hill
2002
|
| Edizione: | 2a. ed |
| Serie: | McGraw-Hill Handbooks
|
| Soggetti: | |
| Tags: |
Aggiungi Tag
Nessun Tag, puoi essere il primo ad aggiungerne!!
|
MARC
| LEADER | 00000nam a2200000 a 4500 | ||
|---|---|---|---|
| 001 | UCI3017 | ||
| 003 | CL-VaPUC | ||
| 008 | 071012e20020000US |||||||||||||||||eng|d | ||
| 020 | |a 0071356231 | ||
| 082 | 0 | 4 | |a 628.44 |b TCH |2 21 |
| 100 | 0 | |a Tchobanoglous, George |e author |9 524305 | |
| 700 | |a Kreith, Frank |e author |9 525458 | ||
| 245 | 1 | 0 | |a Handbook of solid waste management |
| 250 | |a 2a. ed | ||
| 300 | |a p. irreg | ||
| 942 | |c BK | ||
| 945 | |d 20071012 00:00:00 |a rbrito | ||
| 260 | |a Nueva York |b McGraw-Hill |c 2002 | ||
| 650 | 7 | |a RESIDUOS DOMESTICOS |2 CL-VaPUC |9 363990 | |
| 650 | 0 | |a Tratamiento de residuos |9 262890 | |
| 650 | 0 | |a Tecnología sanitaria |9 262722 | |
| 650 | 7 | |a HIGIENE AMBIENTAL |2 CL-VaPUC |9 364394 | |
| 650 | 7 | |a ELIMINACION DE RESIDUOS |2 CL-VaPUC |9 332226 | |
| 650 | 7 | |a RECICLADO DE RESIDUOS |2 CL-VaPUC |9 362341 | |
| 650 | 0 | |a Gestión ambiental |9 338121 | |
| 650 | 7 | |a SERVICIOS DE SANEAMIENTO |2 CL-VaPUC |9 361367 | |
| 583 | |a last modification |c 20161003 11:00:08 |k Rodrigo Vera | ||
| 490 | 0 | |a McGraw-Hill Handbooks | |
| 999 | |c 327414 |d 327412 | ||